Statistics for Brazilian States by Bordering Countries

Click here to take the quiz!

General Stats

  • This quiz has been taken 20 times
  • The average score is 15 of 20

Answer Stats

Bordering CountriesBrazilian States% Correct
BoliviaAcre
93%
ArgentinaParaná
93%
VenezuelaAmazonas
79%
ColombiaAmazonas
79%
ArgentinaRio Grande do Sul
79%
UruguayRio Grande do Sul
79%
ArgentinaSanta Catarina
79%
PeruAcre
71%
SurinameAmapá
71%
FranceAmapá
71%
PeruAmazonas
71%
BoliviaMato Grosso
71%
ParaguayMato Grosso do Sul
71%
BoliviaMato Grosso do Sul
71%
GuyanaPará
71%
SurinamePará
71%
BoliviaRondônia
71%
GuyanaRoraima
71%
VenezuelaRoraima
71%
ParaguayParaná
64%

Score Distribution

Percentile by Number Answered

Percent of People with Each Score

Your Score History

You have not taken this quiz